Top 10 des 5 grands championnats depuis 2010 - Statistiques

Statistiques générales
  • Ce quiz a été pris 850 fois
  • Le résultat moyen est 62 sur 113
Statistiques - réponses
Réponse % Correct
12 Manchester City
97%
12 Manchester United
96%
12 FC Barcelone
94%
12 Liverpool FC
94%
12 Real Madrid
94%
12 Arsenal FC
93%
12 Chelsea FC
93%
11 Olympique de Marseille
92%
12 Paris SG
92%
12 Olympique Lyonnais
91%
12 Atlético Madrid
90%
12 Bayern Munich
88%
12 AC Milan
86%
12 Borussia Dortmund
86%
12 Juventus FC
86%
12 Tottenham Hotspur
86%
12 Inter Milan
85%
10 Lille OSC
85%
12 Séville FC
85%
8 AS Monaco
84%
7 Girondins de Bordeaux
83%
12 AS Rome
82%
9 AS Saint-Étienne
82%
10 Stade Rennais
82%
8 OGC Nice
81%
3 FC Nantes
79%
12 SSC Naples
79%
2 RC Lens
78%
9 Valence CF
78%
6 Leicester City
76%
7 Montpellier HSC
75%
12 SS Lazio
75%
11 Bayer Leverkusen
73%
4 Toulouse FC
73%
5 West Ham United
72%
2 RC Strasbourg
71%
6 Real Betis
71%
8 Everton FC
70%
6 RB Leipzig
70%
9 Athletic Bilbao
69%
1 Aston Villa
68%
3 Newcastle United
68%
2 Stade de Reims
65%
8 Real Sociedad
64%
2 FC Lorient
60%
9 AC Fiorentina
59%
1 AJ Auxerre
58%
1 Angers SCO
58%
6 Atalanta Bergame
58%
1 FC Metz
57%
3 Wolverhampton Wanderers
57%
7 VfL Wolfsburg
56%
7 Schalke 04
55%
1 Brighton & Hove Albion
53%
6 Eintracht Francfort
53%
3 FC Union Berlin
51%
1 Leeds United
51%
2 SC Bastia
51%
4 Southampton FC
51%
6 Torino FC
51%
1 SM Caen
48%
4 Werder Brême
48%
1 FC Sochaux-Montbéliard
47%
1 Crystal Palace
46%
1 Nîmes Olympique
46%
3 VfB Stuttgart
46%
2 EA Guingamp
44%
11 Borussia Mönchengladbach
43%
2 Fulham FC
43%
3 Hambourg SV
43%
2 Bologne FC
42%
4 FC Cologne
42%
3 US Sassuolo
42%
4 Getafe CF
40%
1 Girona FC
40%
9 Villarreal CF
40%
2 Genoa CFC
39%
4 Málaga CF
39%
5 Sampdoria Gênes
39%
3 Udinese
39%
2 Burnley FC
38%
4 Espanyol Barcelone
38%
1 Évian Thonon Gaillard FC
37%
3 Parme
37%
6 SC Fribourg
37%
4 Celta Vigo
36%
7 TSG Hoffenheim
36%
4 FSV Mayence
34%
4 Hellas Vérone
34%
1 Palerme FC
34%
3 Hertha Berlin
33%
1 Sunderland AFC
33%
1 AFC Bournemouth
31%
4 CA Osasuna
31%
1 RCD Majorque
31%
1 Rayo Vallecano
27%
2 Grenade CF
26%
1 Sheffield United
25%
1 Deportivo Alavés
23%
2 Levante UD
21%
1 Empoli FC
20%
2 Swansea City
20%
2 SD Eibar
19%
3 Stoke City
19%
3 FC Nuremberg
18%
2 Chievo Vérone
17%
1 Sporting Gijón
17%
3 West Bromwich Albion
17%
2 FC Augsbourg
16%
4 Hanovre 96
16%
1 Fortuna Düsseldorf
13%
1 Catane SSD
9%
1 FC Kaiserslautern
9%
Aucun quiz correspondant
Distribution des résultats
% des personnes avec chaque résultat
Percentile par nombre de réponses
Votre historique - résultats
Vous n’avez pas pris ce quiz